|
|
|
|
| LEADER |
00000nab#a22000007a#4500 |
| 001 |
arbauad031294 |
| 003 |
AR-BaUAD |
| 005 |
20250711112535.0 |
| 008 |
980609|||||||||###||||||b###|0###a|spa|| |
| 040 |
|
|
|a AR-BaUAD
|c AR-BaUAD
|b spa
|
| 100 |
|
|
|a Boisi, Antonella
|
| 245 |
|
|
|a Meritalia si fa cinque /
|c Antonella Boisi;
|
| 300 |
0 |
|
|b fot.
|
| 653 |
|
|
|a ITALIA
|
| 653 |
|
|
|a MERITALIA
|
| 653 |
|
|
|a MUEBLES
|
| 653 |
|
|
|a SILLONES
|
| 653 |
|
|
|a ESCRITORIOS
|
| 653 |
|
|
|a DISEÑO INDUSTRIAL
|
| 773 |
0 |
|
|t INTERNI
|g no. 479 [abr. 1998], p. 109-120
|
| 942 |
|
|
|c ARTI
|
| 952 |
|
|
|0 0
|1 0
|4 0
|7 0
|9 76213
|a AR-BAuAD
|b AR-BAuAD
|d 2025-07-11
|l 0
|p AAQA031294
|r 2025-07-11 11:25:35
|w 2025-07-11
|y ARTI
|
| 990 |
|
|
|a DI199
|b TD
|
| 998 |
|
|
|a AAQ
|b BIBUN76
|
| 999 |
|
|
|c 55886
|d 55886
|